Quizzes
Events
Quiz Creation
Community
Videos
Private Events
Remove Ads
Sign In
Join for FREE
Feedback
Dark Mode
Quiz Categories
Sports
Geography
Music
Movies
Television
Just For Fun
Miscellaneous
History
Literature
Language
Science
Gaming
Entertainment
Religion
Holiday
For Kids
Quiz Lab
Recent
Popular Today
Quiz Kudos Today
Editor Picks
Curator Picks
Quizzes by...
Day
Popularity
Type
Ratings
Length
Year
Community
Subscriptions
Recent Discussions
Orange Saloon
Badges
Playlists
Quests
Create
Leaderboards
Showdown
Live 5
Trivia Bingo
Activity
Puzzle Library
Sporcle Events
Private Events
Virtual Trivia
Globe League
Become a Host
Pub Owners
SporcleCon
Opinionation
Our Games
Videos
Blog
Mobile Apps
Partnerships
Remove Ads and Go Orange
Feedback
Language
Vocabulary
Begins and Ends
Definition
Spanish
French
German
Italian
Chinese
Latin
Translation
Japanese
Language
Vocabulary
Begins and Ends
Definition
Spanish
French
German
Italian
Chinese
Latin
Translation
Japanese
Random Quiz
Search Sporcle
×
Quiz Lab
Quiz Lab
Language
Rhymes With
Type in answers that appear in a list
Type in answers that appear in a list
Classic
Best Score? Go Orange.
Rhymes with Crust Stats
Can you name the one-syllable words that Rhyme with Crust
By
11Joe28
4m
16 Questions
3,002 Plays
3,002 Plays
3,002 Plays
Comments
Comments
Give Quiz Kudos
Give Quiz Kudos
-
- Ratings
hide this ad
Replay
Link that replays current quiz
Next Quiz
Link to next quiz in quiz playlist
You Got
0%
They Got
Avg Score
79%
Avg Friend Score
Upgrade to see
Score Distribution
Jump to the score distribution portion of the page
Score
0/16
Timer
04:00
0
Plays Today
Words
% Correct
bust
98.5%
must
97.7%
lust
97.5%
dust
96.8%
rust
93.4%
gust
91.7%
trust
91%
just
87.8%
Words
% Correct
fussed
83.7%
cussed
79.6%
mussed
75.7%
bused
74%
trussed
65.9%
thrust
65%
sussed
63.5%
tussed
48.1%
Quiz Playlist
Details
Report
Send in Message
Add To Playlist
Classic:
Type in answers that appear in a list
Last Updated: Sep 20, 2017
Quiz Scoreboard
CHALLENGE
Sign Up to Join the Scoreboard
Show All
Scores
Hide
Comments
May contain spoilers
Recently Published
9x9 Crossword: Cartoon Network
by jackfrog10
Miscellaneous
3m
College Basketball Coaching Resumes
by pancakes188
Sports
9m
Billboard Blitz: Fleetwood Mac
by CooCooCachoo
Music
15s
More to Explore
Quiz From the Vault
Featured Blog Post
Where Did the Easter Bunny Come From?
hide this ad
You Might Also Like...
Tags
crust
Rhymes With
Today's Top Quizzes in Language
Browse Language
hide this ad
Today's Top Quizzes in Rhymes With
Browse Rhymes With
Top Contributed Quizzes in Language
1
1-10 Letter F Words III
2
1-10 Letter G Words III
3
Alphabetize! : 'As' words
4
1-10 Letter H Words III
5
Celtic Nations in their Language
6
1-10 Letter I Words III
7
One Thing in Common: Italy
8
Order Up: Top 10 Most Native Spoken Languages
9
1-10 Letter J Words III
10
Weisst du, aus welchen Sprachen diese Wörter stammen?
Explore More
Trending Topics
Harry Potter
Anime
Marvel
Disney
NBA
Kpop
Crossword
Puzzle
The Office
Country
Song
WWE
Pokémon
NFL
Soccer
hide this ad
More By:
11Joe28
Quiz
Plays
Rating
Category
Featured
Created
Odd One Out: Actors and Actresses in Movies
37,456
4.52
Movies
Oct 2, 2016
Colorful Big 4 Teams
29,907
4.70
Sports
May 31, 2016
Race to Statehood A-Z
24,174
4.72
History
Nov 30, 2016
Star Wars Planets Logic Puzzle
9,387
3.08
Movies
Jan 15, 2016
'Weird Al' Yankovic Parody Match-Up
9,332
4.22
Music
Oct 21, 2014
Go to Creator's Profile
Score Distribution
Quiz Creator Spotlight
11Joe28
Follow
Send a Message
Quizzes Created
-
Created Quiz Play Count
-
More By This Creator
Popular Quizzes Today
1
Find the US States - No Outlines Minefield
2
Find the Countries of Europe - No Outlines Minefield
3
The Countries of the World
4
Find the US States
5
Risky Map Clicking: Biggest States A-Z
6
US States
7
Popular People in 1961
8
Movies - When Are They Set?
More Language Quizzes
TRANSLATE: Olaf from Disney's Frozen
Editor's Pick
Trending Quizzes
Risky Map Clicking: Least Populous States A-Z
1-10 Letter G Words
Risky Map Clicking: Next State Alphabetically
Adjectives in 80s TV Shows
Risky Map Clicking: Biggest States A-Z
Recently Updated
Leaping Animals
pecheneg
Reality TV Shows (A-Z)
bhenderson79
Rickey Henderson's Hall of Fame Teammates
pecheneg
Champions League XIs: Arsenal
pecheneg
Quick Pick: Celebrities in WWE's Hall of Fame
aduchscher
A-Z Keypad Blitz II
pecheneg
Multiple Oscar Actors
pecheneg
Mystery Phrase Blitz: Oscar 'Best Actors'
pecheneg
F. Scott Fitzgerald Novels
LTH
Pick 3 Villains
ddd62291
Trending Topics
Marvel
Harry Potter
Kpop
Anime
Crossword
Disney
NBA
WWE
Pokémon
Puzzle
Country
NFL
Song
The Office
Soccer
Your Account Isn't Verified!
In order to create a playlist on Sporcle, you need to verify the email address you used during registration. Go to your
Sporcle Settings
to finish the process.
Report this User
Report this user for behavior that violates our
Community Guidelines
.
Details:
Send Report
Go to the Sporcle.com Mobile Site →
Comments